00579nam a2200169 i 450000100060000000300090000600500170001500700030003200800410003510000370007624500630011326000420017630000210021885200320023999900170027195201210028857528ES-MaACL20230906163609.0t|031016s1958 sp ||||1| spa d1 aDomínguez, Juan Manuel.94516710aAscuas latentes b: (poesias) / cJuan Manuel Domínguez. aMálaga : b[s.n., c1958] (fDardo) a93 p. ; c19 cm. aES-MaACLjC-14894 bR.42396 c57528d57528 00104070aATENEOMbATENEOMcFICHd2008-01-17eSCl0oC-14894p1060391r2023-02-23 00:00:00w2023-02-23yMONOGRAFIA